Conversación con Yalile Jiménez de la Comisión de Mujer de UPANACIONAL (Costa Rica) /
Gardado en:
| Autor Principal: | |
|---|---|
| Outros autores: | |
| Formato: | Texto |
| Materias: | |
| Etiquetas: |
Engadir etiqueta
Sen Etiquetas, Sexa o primeiro en etiquetar este rexistro!
|
MARC
| LEADER | 00000 a a2200000 04500 | ||
|---|---|---|---|
| 001 | 12567 | ||
| 003 | |||
| 040 | |||
| 100 | |a Martín Salazar, Ligia | ||
| 245 | |a Conversación con Yalile Jiménez de la Comisión de Mujer de UPANACIONAL (Costa Rica) / |c Ligia Martín Salazar ; Yalile Jiménez | ||
| 650 | |a MUJERES | ||
| 650 | |a PRODUCION | ||
| 650 | |a ZONAS RURALES | ||
| 650 | |a AGRICULTURA | ||
| 650 | |a LIBERALIZACION DEL INTERCAMBIO | ||
| 650 | |a INSTITUCIONES PUBLICAS | ||
| 650 | |a ESTADO | ||
| 650 | |a PROYECTOS DE DESARROLLO | ||
| 650 | |a AGRICULTURA ORGANICA | ||
| 650 | |a ESTADO | ||
| 650 | |a POLITICA GUBERNAMENTAL | ||
| 700 | |a Jiménez, Yalile | ||
| 773 | |g volumen 1, número 2; páginas 89-96 | ||
| 999 | |c 34193 |d 34193 | ||
